Ksia̢dz kapitan Aleksander Miszczuk (1905 - 1982)
| Titel: | Ksia̢dz kapitan Aleksander Miszczuk (1905 - 1982) : w służbie Bogu i Ojczyźnie / Lucjan Cimek, Artur Borze̢cki |
|---|---|
| Verfasser: | |
| Beteiligt: | |
| Veröffentlicht: | Warszawa : Muzeum Historii Polskiego Ruchu Ludowego, 2012 |
| Umfang: | 92, [4], [25] S. : Ill. |
| Format: | Buch |
| Sprache: | Polnisch |
| ISBN: | 8362171987 ; 9788362171989 |
alg: 33479675 001A $03004:18-12-13 001B $03004:06-02-14 $t09:24:56.000 001D $03004:06-02-14 001U $0utf8 001X $00 002@ $0Aau 003@ $033479675X 004A $083-62171-98-7 004A $A978-83-62171-98-9 006L $0BV040303649 $2BVB 007A $0BV040303649 $aBVB 010@ $apol 011@ $a2012 $n2012 021A $aKsia̢dz kapitan Aleksander Miszczuk (1905 - 1982) $dw służbie Bogu i Ojczyźnie $hLucjan Cimek, Artur Borze̢cki 028A $71024106365 $8Cimek, Lucjan [Tp3] $9305269267 028B/01 $71024106403 $8Borzęcki, Artur [Tp3] $9305269240 033A $pWarszawa $nMuzeum Historii Polskiego Ruchu Ludowego 034D $a92, [4], [25] S. 034M $aIll. 041A $71042917132 $8Miszczuk, Aleksander$Z1905-1982 [Tp1] $9332484742 045F $eDDC22ger 045F/01 $a200.9 045F/03 $f0904 045F/03 $g438 046M $aLiteraturverz. S. 89 - [93] lok: 33479675 24 exp: 33479675 24 1 #EPN 201B/01 $017-04-14 $t15:03:27.000 201C/01 $018-12-13 201U/01 $0utf8 203@/01 $0724750959 208@/01 $a17-04-14 $bz 209A/01 $aS 28759 $du $f050 $hS 28759 $x00 209C/01 $a14.00786 K $h14 00786 K 209G/01 $a73376980 $x00 220C/01 $awal 244Z/01 $71042917132 $8--Tp1--Miszczuk, Aleksander$Z1905-1982 $x01 $9332484742 247C/01 $8358050-7Marburg, Bibliothek des Herder-Instituts Marburg $9102600961
| LEADER | 00000cam a2200000 c 4500 | ||
|---|---|---|---|
| 001 | 33479675X | ||
| 003 | DE-603 | ||
| 005 | 20140206092456.0 | ||
| 007 | tu | ||
| 008 | 131218s2012 xx |||| | u00||u|pol c | ||
| 020 | |a 8362171987 | ||
| 020 | |a 9788362171989 | ||
| 035 | |a (DE-599)BVBBV040303649 | ||
| 035 | |a (DE-604)BV040303649 | ||
| 040 | |a DE-603 |b ger |c DE-603 |d DE-603 | ||
| 041 | |a pol | ||
| 085 | |8 1\u |b 200.9 | ||
| 085 | |8 1\u |z 1 |s 0904 | ||
| 085 | |8 1\u |z 2 |s 438 | ||
| 100 | 1 | |a Cimek, Lucjan |0 (DE-603)305269267 |0 (DE-588)1024106365 |2 gnd | |
| 245 | 0 | 0 | |a Ksia̢dz kapitan Aleksander Miszczuk (1905 - 1982) |b w służbie Bogu i Ojczyźnie |c Lucjan Cimek, Artur Borze̢cki |
| 264 | 1 | |a Warszawa |b Muzeum Historii Polskiego Ruchu Ludowego |c 2012 | |
| 300 | |a 92, [4], [25] S. |b Ill. | ||
| 504 | |a Literaturverz. S. 89 - [93] | ||
| 600 | 1 | 7 | |a Miszczuk, Aleksander |d 1905-1982 |0 (DE-588)1042917132 |0 (DE-603)332484742 |2 gnd |
| 700 | 1 | |a Borzęcki, Artur |0 (DE-603)305269240 |0 (DE-588)1024106403 |2 gnd | |
| 924 | 0 | |9 Mb 50 |a (DE-603)724750959 |b DE-Mb50 |c HES |d c |g S 28759 | |


